00390 a2200157 4500003000400000005001700004008004100021020001800062040000900080082002000089100001800109245005000127250001200177260003300189300001000222OSt20231212094048.0231210b |||||||| |||| 00| 0 eng d a9789357320610 coclc a894.8128bJOY/C aJoyce, Trisha aChatGPTyum Nirmmithabuddhiyum /cTrisha Joyce a2nd ed. aKottayam:bD C Books,c2023. a128p.